1131 1575 1661 1608 1886 1493 1596 1965 1483 1841 1215 1867 1534 1762 1805 1104 1681 1026 1599 1163 1571 1884 1192 1555 1428 1020 1737 1131 1430 1138 1370 1171 1922 1392 1834 1004 1210 1572 1737 1078 1523 1808 1987 1531 1832 1652 1913 1253 1020 1354 1200 1259 1247 1813 1959 1150 1991 1741 1898 1392 1943 1932 1867 1690 1830 1742 1403 1440 1832 1636 1144 1271 1744 1111 1283 1371 1547 1080 1488 1301 1815 1347 1043 1868 1040 1666 1289 1319 1949 1674 1934 1457 1347 1896 1308 1152 1239 1340 1287 BCNSPRNW ULIB Ver.6.0+V

เปลี่ยนเป็นภาษาไทย

Change to English
 แสดงรายละเอียดบรรณานุกรม
  กลับหน้าหลัก

Brief Record : Get Marc (ISO 2709) : E-mail record : QR code < ปิดหน้าต่าง
LEADER : 00000nam 2200000uu 4500
001    13399111251
003     ULIB
008    110621s1999||||th 000 0 eng d
020    0071054790 (alk. paper)
060 04 WY160^bP974 1999
245 00 Psychiatric nursing :^ban integration of theory andpractice /^c[edited by] Patricia G. O Brien, Winifred Z. Kennedy, Karen A. Ballard
260    New York :^bMcGraw - Hill,^c1999
300    xi, 632 p. :^bill.
650  2 Mental Disorders^xNursing
650  2 Psychiatric Nursing^xMethods
700 1  O Brien, Patricia G.
700 1  Kennedy, Winifred Z.
700 1  Ballard, Karen A.
945    ^p0^l0^i011415
995     Kesorn
999 ^a ใช้งานได้ทุกระบบ
รายการนี้ยังไม่มีแท็ก
คุณยังไม่ได้ล็อกอิน คุณสามารถมีกิจกรรมร่วมกับเว็บไซต์ได้ แต่ต้องล็อกอินก่อน ::
  ล็อกอิน

รายการสื่อสารสนเทศ

ลำดับที่ ประเภท เลขเรียก/บาร์โค้ด สถานที่ สถานะ
- ไม่พบข้อมูล -

รายการใกล้เคียง
    หัวเรื่อง [Mental Disorders Nursing]

BibComment


ยังไม่เคยถูกคอมเมนท์

คอมเมนท์ทรัพยากรรายการนี้
  คอมเมนท์: Psychiatric nursi..


 Copyright 2026. Bcnsprnw @Library